Library of the University of Algiers 3
Ibrahim Sultan Cheibout
شعار جامعة الجزائر 3
مكتبة جامعة الجزائر 3
إبراهيم سلطان شيبوط

آفات النخيل والتمور في العالم العربي : (رقم التسجيلة. 42958)

تفاصيل مارك
000 -LEADER
fixed length control field 01288nam a2200229Ia 4500
003 - CONTROL NUMBER IDENTIFIER
control field Ost
005 - DATE AND TIME OF LATEST TRANSACTION
control field 20260507075113.0
008 - FIXED-LENGTH DATA ELEMENTS--GENERAL INFORMATION
fixed length control field 260507s9999||||xx |||||||||||||| ||und||
020 ## - INTERNATIONAL STANDARD BOOK NUMBER
International Standard Book Number 2945201977
040 ## - CATALOGING SOURCE
Transcribing agency fsecg
041 ## - LANGUAGE CODE
Language code of text/sound track or separate title ara
082 ## - DEWEY DECIMAL CLASSIFICATION NUMBER
Classification number 330
100 ## - MAIN ENTRY--PERSONAL NAME
Personal name عبد المجيد، محمد ابراهيم
Relator term مؤلف
245 #0 - TITLE STATEMENT
Title آفات النخيل والتمور في العالم العربي :
Remainder of title الانتشار والتوزيع الجغرافي،الضرر والأهمية الاقتصادية،وسائل المكافحة التقليدية والمستنيرة /
Statement of responsibility, etc. محمد ابراهيم عبد المجيد
260 ## - PUBLICATION, DISTRIBUTION, ETC.
Place of publication, distribution, etc. القاهرة:
Name of publisher, distributor, etc. المكتبة الأكاديمية,
Date of publication, distribution, etc. 1996
300 ## - PHYSICAL DESCRIPTION
Extent 320 صفحة؛
Other physical details إيضاحات ؛
Dimensions 25 سم
504 ## - BIBLIOGRAPHY, ETC. NOTE
Bibliography, etc. note ببليوغرافيا:ص.311-320؛ملحق
520 ## - SUMMARY, ETC.
Summary, etc. مقدمة عامة عن النخيل،آفات النخيل والتمور،المكافحة الكيميائية،تدخين التمور،مخلفات المبيدات في التمور،المكافحة المستنيرة لآفات النخيل والتمور،ملحق الصور الملونة،
653 ## - INDEX TERM--UNCONTROLLED
Uncontrolled term الاقتصاد،النخيل
700 ## - ADDED ENTRY--PERSONAL NAME
Personal name زيدان هندي، عبد الحميد
Relator term مؤلف ثانوي
942 ## - ADDED ENTRY ELEMENTS (KOHA)
Koha item type كتب
المقتنيات
Withdrawn status Lost status Source of classification or shelving scheme Damaged status Not for loan Home library Current library Date acquired Serial enumeration / chronology Inventory number Total checkouts Full call number Barcode Date last seen Price effective from Koha item type
    Dewey Decimal Classification   NOT LOAN / إعارة داخلية مكتبة كلية العلوم الإقتصادية والعلوم التجارية وعلوم التسيير مكتبة كلية العلوم الإقتصادية والعلوم التجارية وعلوم التسيير 07/05/2026 الطابق الأرضي 1/1565   أ/1565ن1 1/1565 07/05/2026 07/05/2026 كتب

موارد الويب المفتوحة


© University of Algiers 3 All Rights Reserved
|
Implemented by LECHELAH Riad